MARC details
| 000 -LEADER |
| fixed length control field |
02739cam a22004694a 4500 |
| 001 - CONTROL NUMBER |
| control field |
muse16386 |
| 003 - CONTROL NUMBER IDENTIFIER |
| control field |
MdBmJHUP |
| 005 - DATE AND TIME OF LATEST TRANSACTION |
| control field |
20210127150928.0 |
| 006 - FIXED-LENGTH DATA ELEMENTS--ADDITIONAL MATERIAL CHARACTERISTICS |
| fixed length control field |
m o d |
| 007 - PHYSICAL DESCRIPTION FIXED FIELD--GENERAL INFORMATION |
| fixed length control field |
cr||||||||nn|n |
| 008 - FIXED-LENGTH DATA ELEMENTS--GENERAL INFORMATION |
| fixed length control field |
061004s2006 utu o 00 0 eng d |
| 010 ## - LIBRARY OF CONGRESS CONTROL NUMBER |
| Canceled/invalid LC control number |
2006032514 |
| 020 ## - INTERNATIONAL STANDARD BOOK NUMBER |
| International Standard Book Number |
9780874215434 |
| 020 ## - INTERNATIONAL STANDARD BOOK NUMBER |
| Canceled/invalid ISBN |
9780874216356 (cloth : acid-free paper) |
| 020 ## - INTERNATIONAL STANDARD BOOK NUMBER |
| Canceled/invalid ISBN |
0874216354 (cloth : acid-free paper) |
| 035 ## - SYSTEM CONTROL NUMBER |
| System control number |
(OCoLC)123565028 |
| 040 ## - CATALOGING SOURCE |
| Original cataloging agency |
MdBmJHUP |
| Transcribing agency |
MdBmJHUP |
| 050 04 - LIBRARY OF CONGRESS CALL NUMBER |
| Classification number |
PS3537.W4786 |
| Item number |
Z59 2006 |
| 082 0# - DEWEY DECIMAL CLASSIFICATION NUMBER |
| Classification number |
811/.54 |
| Edition number |
22 |
| 245 00 - TITLE STATEMENT |
| Title |
Body My House |
| Remainder of title |
May Swenson's Work and Life / |
| Statement of responsibility, etc. |
edited by Paul Crumbley and Patricia M. Gantt. |
| 264 #1 - PRODUCTION, PUBLICATION, DISTRIBUTION, MANUFACTURE, AND COPYRIGHT NOTICE |
| Name of producer, publisher, distributor, manufacturer |
Utah State University Press, |
| 264 #3 - PRODUCTION, PUBLICATION, DISTRIBUTION, MANUFACTURE, AND COPYRIGHT NOTICE |
| Name of producer, publisher, distributor, manufacturer |
Project MUSE, |
| 300 ## - PHYSICAL DESCRIPTION |
| Extent |
1 online resource (254 p.) : |
| Other physical details |
ill. ; |
| 504 ## - BIBLIOGRAPHY, ETC. NOTE |
| Bibliography, etc. note |
"Bibliography of the works of May Swenson": p. 205-238. |
| 504 ## - BIBLIOGRAPHY, ETC. NOTE |
| Bibliography, etc. note |
Includes bibliographical references (p. 239-247) and index. |
| 505 0# - FORMATTED CONTENTS NOTE |
| Formatted contents note |
Introduction / Patricia M. Gantt -- May Swenson chronology / Paul Crumbley and Patricia M. Gantt -- The love poems and letters of May Swenson / R. R. Knudson -- A figure in the tapestry : the poet's feeling runs ahead of her imagination / Paul Swenson -- May Swenson : Whitman's daughter / Alicia Ostriker -- May Swenson and Elizabeth Bishop / Kirstin Hotelling Zona -- De-Cartesianizing the universe : May Swenson's design of wor(l)ds / Gudrun M. Grabher -- That never told CAN be : May Swenson's manuscript witnesses / Martha Nell Smith -- Material girl : May Swenson's logopoetic materialism / Cynthia Hogue -- May Swenson and other animals : her poetics of natural selection / Paul Crumbley -- How everything happens : notes on May Swenson's theory of writing / Michael Spooner -- The queer poetics of May Swenson / Suzanne Juhasz -- "Question" and more questions : two shells for May Swenson / Mark Doty -- Bibliography of the works of May Swenson / compiled by Alice Geffen ; introduced by Carole Berglie. |
| 506 0# - RESTRICTIONS ON ACCESS NOTE |
| Terms governing access |
Open Access |
| Standardized terminology for access restriction |
Unrestricted online access |
| Source of term |
star |
| 588 ## - SOURCE OF DESCRIPTION NOTE |
| Source of description note |
Description based on print version record. |
| 600 11 - SUBJECT ADDED ENTRY--PERSONAL NAME |
| Personal name |
Swenson, May |
| General subdivision |
Criticism and interpretation. |
| 655 #7 - INDEX TERM--GENRE/FORM |
| Genre/form data or focus term |
Electronic books. |
| Source of term |
local |
| 700 1# - ADDED ENTRY--PERSONAL NAME |
| Personal name |
Gantt, Patricia M., |
| Dates associated with a name |
1943- |
| 700 1# - ADDED ENTRY--PERSONAL NAME |
| Personal name |
Crumbley, Paul, |
| Dates associated with a name |
1952- |
| 710 2# - ADDED ENTRY--CORPORATE NAME |
| Corporate name or jurisdiction name as entry element |
Project Muse. |
| Relator term |
distributor |
| 830 #0 - SERIES ADDED ENTRY--UNIFORM TITLE |
| Uniform title |
Book collections on Project MUSE. |
| 856 40 - ELECTRONIC LOCATION AND ACCESS |
| Public note |
Full text available: |
| Uniform Resource Identifier |
<a href="https://muse.jhu.edu/book/9309/">https://muse.jhu.edu/book/9309/</a> |
| 945 ## - LOCAL PROCESSING INFORMATION (OCLC) |
| a |
Project MUSE - Archive Literature Foundation |
| 945 ## - LOCAL PROCESSING INFORMATION (OCLC) |
| a |
Project MUSE - Archive Complete Foundation |